Statistiche per Riconosci la Squadra di calcio - Quiz n°184

Clicka qui per fare il quiz!

Statistiche generali

  • Questo quiz è stato fatto 4 volte
  • Il punteggio medio è 7 su 10

Statistiche sulle risposte

IndizioRisposta% Corretto
Titoli nazionali1 Eredivisie
100%
Trofei nazionali3 Coppe dei Paesi Bassi
2 Johan Cruijff Schaal
100%
SimboliCavallo
100%
Colori socialiRosso
100%
Trofei internazionali0
67%
Fondazione1965
67%
Capienza Stadio30 205 posti
67%
Divisione nazionale 2023-2024Prima
67%
SquadraTwente
33%
ConfederazioneUEFA
33%

Distribuzione punteggi

Percentile per numero di risposta

Percentuale di utenti per punteggio

I tuoi punteggi nel tempo

Non hai fatto questo quiz